000 00468ntaaa2200193 4500
003 01
005 20251027202006.0
008 0714s1973 ag 01
040 _aAR-BaBN
_bspa
_cAR-BaBN
_eaacr
_dRIC
082 _a261.0000 M39
100 _aMaston, T. B.
245 _aA igreja e o mundo
250 _a1 ed.
260 _aRío :
_bCasa Publicadora Batista,
_c1965
300 _a52 p.
500 _ala iglesia y el mundo
650 _aIglesia-Sociedad
942 _cBK
999 _c14674
_d14674